| 000 | 00481nam a2200169 a 4500 | ||
|---|---|---|---|
| 005 | 20210219152848.0 | ||
| 008 | 991125n 000 0 spa u | ||
| 035 | _aUPN01000063878 | ||
| 100 | _aBETTERTON, Emily | ||
| 222 | _aREVISTA MEXICANA DE PEDAGOGIA | ||
| 245 | _aAmigos imaginarios : quiénes son? ¿quiénes lo necesitan? | ||
| 300 | _a32-34 | ||
| 362 | _a1996 Año 7, no. 30, (jul.-ago.) | ||
| 653 | 0 | _aAmigos imaginarios | |
| 904 |
_aAC _b001689 |
||
| 905 | _aArticulo | ||
| 999 |
_c62321 _d62321 |
||